|
|
|
|
| LEADER |
00950nam a2200205Ia 4500 |
| 001 |
CTU_128910 |
| 008 |
210402s9999 xx 000 0 und d |
| 020 |
|
|
|c 2721000
|
| 082 |
|
|
|a 658.40300285
|
| 082 |
|
|
|b A342
|
| 100 |
|
|
|a Albright, S. Christian
|
| 245 |
|
0 |
|a Data analysis & decision making with Microsoft Excel
|
| 245 |
|
0 |
|c S. Christian Albright, Wayne L. Winston, Christopher Zappe ; with case studies by Mark Broadie, Peter Kolesar.
|
| 260 |
|
|
|a Belmont, CA
|
| 260 |
|
|
|b Thomson/Brooks/Cole
|
| 260 |
|
|
|c 2006
|
| 650 |
|
|
|a Microsoft Excel ( Computer file ),Industrial management,Decision making,Microsoft Excel ( Tệp máy tính ),Quản trị xí nghiệp,Ra quyết định
|
| 650 |
|
|
|x Statistical methods,Computer programs.,Computer programs.,Phương pháp thống kê,Chương trình máy tính,Chương trình máy tính
|
| 904 |
|
|
|i Minh
|
| 980 |
|
|
|a Trung tâm Học liệu Trường Đại học Cần Thơ
|